[Mezinárodní obchodní operace]

Recenzia na publikáciu, ktorá oboznamuje odbornú verejnosť so základnými problémami, ktoré musia v súčasnosti exportéri a importéri riešiť nielen v obchode s hmotnými statkami, ale aj v ostatných formách hospodárskej spolupráce so zahraničím, ako aj so spôsobmi ich vecného riešenia.

Salvato in:
Dettagli Bibliografici
Autore principale: Baláž, Peter
Natura: Capitolo di libro
Lingua:slovacco
Soggetti:
Tags: Aggiungi Tag
Nessun Tag, puoi essere il primo ad aggiungerne!!

MARC

LEADER 00000naa a2200000 4500
001 0145982
005 20240502072632.0
041 0 |a slo 
044 |a SK 
245 1 0 |a [Mezinárodní obchodní operace]  |c Peter Baláž 
520 |a Recenzia na publikáciu, ktorá oboznamuje odbornú verejnosť so základnými problémami, ktoré musia v súčasnosti exportéri a importéri riešiť nielen v obchode s hmotnými statkami, ale aj v ostatných formách hospodárskej spolupráce so zahraničím, ako aj so spôsobmi ich vecného riešenia. 
610 2 0 |a globalizácia 
610 2 0 |a recenzie 
610 2 0 |a obchod medzinárodný 
610 2 0 |a operácie obchodné 
100 1 |a Baláž, Peter